Bài giảng thực tập sinh lý người và động vật

Giới thiệu nội quy và các quy định về an toàn trong phòng thí nghiệm, các phương pháp nghiên cứu sinh lý học cơ bản,...

Đã lưu trong:
Sonraí Bibleagrafaíochta
Príomhúdar: Nguyễn, Trọng Hồng Phúc
Formáid: Leabhar
Teanga:Undetermined
Foilsithe: Cần Thơ Trường Đại học Cần Thơ 2018
Ábhair:
Clibeanna: Cuir Clib Leis
Gan Chlibeanna, Bí ar an gcéad duine leis an taifead seo a chlibeáil!
Thư viện lưu trữ: Trung tâm Học liệu Trường Đại học Cần Thơ
LEADER 01036nam a2200229Ia 4500
001 CTU_239182
008 210402s9999 xx 000 0 und d
082 |a 590.7 
082 |b Ph506 
100 |a Nguyễn, Trọng Hồng Phúc 
245 0 |a Bài giảng thực tập sinh lý người và động vật 
245 0 |c Nguyễn Trọng Hồng Phúc (Biên soạn) 
260 |a Cần Thơ 
260 |b Trường Đại học Cần Thơ 
260 |c 2018 
520 |a Giới thiệu nội quy và các quy định về an toàn trong phòng thí nghiệm, các phương pháp nghiên cứu sinh lý học cơ bản,... 
526 |a TT. Sinh lý người và động vật 
526 |b SP418 
650 |a Sinh lý người,Human physiology,Animal physiology,Sinh lý động vật 
650 |x Dạy và học,Study and teaching,Study and teaching,Dạy và học 
910 |b nthai 
980 |a Trung tâm Học liệu Trường Đại học Cần Thơ